000 00297nam a22001337a 4500
008 170726b xxu||||| |||| 00| 0 eng d
020 _a9780071601436
041 _aeng
080 _a004
100 _a31
101 _aSHK
245 _aANALYTICS & DATA VISUALIZATION
_cHARTS,D
942 _2udc
_cBK
999 _c21965
_d21965